| 000 | 00884nam a22002657a 4500 | ||
|---|---|---|---|
| 005 | 20110317103445.0 | ||
| 008 | 110317t xxu||||| |||| 00| 0 eng d | ||
| 010 | _aENG-102151 | ||
| 020 |
_a9788189884857 _c295.00 |
||
| 035 | _aEN-85684 | ||
| 037 | _bDBAD/PUB | ||
| 040 |
_adpl _bEng |
||
| 082 | _aN | ||
| 100 | 1 |
_926630 _aMehta, Chandralekha |
|
| 245 | 1 | 0 |
_aMurder in San Felice / _cby Chandralekha Mehta |
| 260 |
_aNew Delhi _bZubaan _c2011 |
||
| 270 |
_a128B Shahpur Jat 1st Floor _bNew Delhi _e110049 |
||
| 300 |
_a172 p. _c21cm (pbk) |
||
| 650 | 0 | _926631 | |
| 700 | _926636 | ||
| 700 | _926641 | ||
| 942 |
_2ddc _cEN _mMEH _hN |
||
| 999 |
_c51109 _d51109 |
||